La reforma de la constitución (Registro nro. 3955)
[ vista simple ]
| 000 -LEADER | |
|---|---|
| fixed length control field | 01962 a2200277 4500 |
| 001 - CONTROL NUMBER | |
| control field | 45526 |
| 005 - DATE AND TIME OF LATEST TRANSACTION | |
| control field | 20260407155727.0 |
| 008 - FIXED-LENGTH DATA ELEMENTS--GENERAL INFORMATION | |
| fixed length control field | 260407a1994 arg spa d |
| 003 - CONTROL NUMBER IDENTIFIER | |
| control field | AR-UNSa-BCEJYS |
| 040 ## - CATALOGING SOURCE | |
| Original cataloging agency | AR-UNSa-BCEJYS |
| Language of cataloging | spa |
| Transcribing agency | AR-UNSa-BCEJYS |
| 080 ## - UNIVERSAL DECIMAL CLASSIFICATION NUMBER | |
| Universal Decimal Classification number | 342.4 |
| Common auxiliary subdivision | Constituciones. Asambleas legislativas. Asambleas nacionales (Reforma...) |
| 020 ## - INTERNATIONAL STANDARD BOOK NUMBER | |
| International Standard Book Number | 950-727-063-9 |
| 100 1# - MAIN ENTRY--PERSONAL NAME | |
| Personal name | Mosset Iturraspe, Jorge |
| 245 10 - TITLE STATEMENT | |
| Title | La reforma de la constitución |
| Name of part/section of a work | explicada por miembros de la comisión de redacción |
| 264 #1 - PRODUCTION, PUBLICATION, DISTRIBUTION, MANUFACTURE, AND COPYRIGHT NOTICE | |
| Place of production, publication, distribution, manufacture | Santa Fe : |
| Name of producer, publisher, distributor, manufacturer | Rubinzal-Culzoni Editores |
| Date of production, publication, distribution, manufacture, or copyright notice | 1994 |
| 300 ## - PHYSICAL DESCRIPTION | |
| Extent | 477 p. |
| Dimensions | 23 cm. |
| 505 ## - FORMATTED CONTENTS NOTE | |
| Formatted contents note | 1. interpretación de la constitución / Héctor Masnatta – 2. Defensa del orden constitucional / Horacio Daniel Rosatti – 3. Derechos electorales / Horacio Daniel Rosatti – 4. Participación popular en las decisiones públicas. Iniciativa legislativa y consulta popular / Horacio Daniel Rosatti – 5. Preservación del medio ambiente. Desde el interés difuso hacia el derecho-deber constitucional / Horacio Daniel Rosatti – 6. Nuevos derechos de los consumidores y usuarios / Jorge Mosset Iturraspe – 7. El amparo, el habeas data y el habeas corpus en la reforma de la Constitución Nacional / Humberto Quiroga Lavié – 8. Declaraciones, tratados y convenciones internacionales / Rodolfo Carlos Barra – 9. Status constitucional de los pueblos indígenas Argentinos / Horacio Daniel Rosatti – 10. Nuevos órganos de control en la constitución : El defensor del pueblo y el ministerio público / Humberto Quiroga Lavié – 11. Las reformas del sistema institucional. El núcleo de coincidencias básicas / Alberto M. García Lema y Enrique Paixão. |
| 590 ## - LOCAL NOTE (RLIN) | |
| Local note | niveau_biblio:m niveau_hierar:0 |
| 700 1# - ADDED ENTRY--PERSONAL NAME | |
| Personal name | Barra, Rodolfo Carlos |
| 700 1# - ADDED ENTRY--PERSONAL NAME | |
| Personal name | Rosatti, Horacio |
| 700 1# - ADDED ENTRY--PERSONAL NAME | |
| Personal name | Garcia Lema, Alberto M. |
| 700 1# - ADDED ENTRY--PERSONAL NAME | |
| Personal name | Masnatta, Héctor |
| 700 1# - ADDED ENTRY--PERSONAL NAME | |
| Personal name | Paixáo, Enrique |
| 700 1# - ADDED ENTRY--PERSONAL NAME | |
| Personal name | Quiroga Lavié, Humberto |
| 942 ## - ADDED ENTRY ELEMENTS (KOHA) | |
| Koha item type | |
| Withdrawn status | Lost status | Damaged status | Not for loan | Home library | Current library | Shelving location | Date acquired | Total checkouts | Full call number | Barcode | Date last seen | Price effective from | Koha item type |
|---|---|---|---|---|---|---|---|---|---|---|---|---|---|
| Biblioteca Prof. Eusebio Cleto del Rey | Biblioteca Prof. Eusebio Cleto del Rey | 07/04/2026 | 342.4 R788 | L70187 | 07/04/2026 | 07/04/2026 | Libro | ||||||
| Biblioteca Prof. Eusebio Cleto del Rey | Biblioteca Prof. Eusebio Cleto del Rey | 07/04/2026 | 342.4 R788 | L70188 | 07/04/2026 | 07/04/2026 | Libro | ||||||
| Biblioteca Prof. Eusebio Cleto del Rey | Biblioteca Prof. Eusebio Cleto del Rey | 07/04/2026 | 342.4 R788 | L86277 | 07/04/2026 | 07/04/2026 | Libro | ||||||
| Biblioteca Prof. Eusebio Cleto del Rey | Biblioteca Prof. Eusebio Cleto del Rey | 07/04/2026 | 342.4 R788 | L86273 | 07/04/2026 | 07/04/2026 | Libro | ||||||
| Biblioteca Prof. Eusebio Cleto del Rey | Biblioteca Prof. Eusebio Cleto del Rey | 07/04/2026 | 342.4 R788 | L86275 | 07/04/2026 | 07/04/2026 | Libro | ||||||
| Biblioteca Prof. Eusebio Cleto del Rey | Biblioteca Prof. Eusebio Cleto del Rey | 07/04/2026 | 342.4 R788 | L85478 | 07/04/2026 | 07/04/2026 | Libro | ||||||
| Biblioteca Prof. Eusebio Cleto del Rey | Biblioteca Prof. Eusebio Cleto del Rey | 07/04/2026 | 342.4 R788 | L85479 | 07/04/2026 | 07/04/2026 | Libro | ||||||
| Biblioteca Prof. Eusebio Cleto del Rey | Biblioteca Prof. Eusebio Cleto del Rey | 07/04/2026 | 342.4 R788 | L85477 | 07/04/2026 | 07/04/2026 | Libro | ||||||
| Biblioteca Prof. Eusebio Cleto del Rey | Biblioteca Prof. Eusebio Cleto del Rey | 07/04/2026 | 342.4 R788 | L86274 | 07/04/2026 | 07/04/2026 | Libro |